Problemas y ejercicios de estadística (Registro nro. 1298)

Detalles MARC
000 -LEADER
fixed length control field 00950 a2200205 4500
001 - CONTROL NUMBER
control field 25187
005 - DATE AND TIME OF LATEST TRANSACTION
control field 20260407155535.0
008 - FIXED-LENGTH DATA ELEMENTS--GENERAL INFORMATION
fixed length control field 260407a1970 arg spa d
003 - CONTROL NUMBER IDENTIFIER
control field AR-UNSa-BCEJYS
040 ## - CATALOGING SOURCE
Original cataloging agency AR-UNSa-BCEJYS
Language of cataloging spa
Transcribing agency AR-UNSa-BCEJYS
080 ## - UNIVERSAL DECIMAL CLASSIFICATION NUMBER
Universal Decimal Classification number 519.24
Common auxiliary subdivision Aplicaciones y modelos estadísticos especiales (Muestreo...)
100 1# - MAIN ENTRY--PERSONAL NAME
Personal name Brufman, Juana Z.
245 10 - TITLE STATEMENT
Title Problemas y ejercicios de estadística
264 #1 - PRODUCTION, PUBLICATION, DISTRIBUTION, MANUFACTURE, AND COPYRIGHT NOTICE
Place of production, publication, distribution, manufacture Buenos Aires :
Name of producer, publisher, distributor, manufacturer Ediciones Macchi
Date of production, publication, distribution, manufacture, or copyright notice 1970
300 ## - PHYSICAL DESCRIPTION
Extent 259 p.
Dimensions 23 cm.
505 ## - FORMATTED CONTENTS NOTE
Formatted contents note 1. Probabilidades - 2. Variable aleatoria - 3. Prubeas repetidas - 4. Distribución normal - 5. Serie de frecuencia - 6. Distribución y concentración de factores económicos - 7. Series cronológicas - 8. Números índices - 9. Regresión y correlación lineal - 10. Teoría de las muestras - 12. Aplicaciones de la teoria de muestras.
590 ## - LOCAL NOTE (RLIN)
Local note niveau_biblio:m niveau_hierar:0
700 1# - ADDED ENTRY--PERSONAL NAME
Personal name Toranzos, Fausto I.
942 ## - ADDED ENTRY ELEMENTS (KOHA)
Koha item type
Existencias
Withdrawn status Lost status Damaged status Not for loan Home library Current library Shelving location Date acquired Total checkouts Full call number Barcode Date last seen Price effective from Koha item type
        Biblioteca Prof. Eusebio Cleto del Rey Biblioteca Prof. Eusebio Cleto del Rey   07/04/2026   519.24 B886 L24151 07/04/2026 07/04/2026 Libro
        Biblioteca Prof. Eusebio Cleto del Rey Biblioteca Prof. Eusebio Cleto del Rey   07/04/2026   519.24 B886 L25555 07/04/2026 07/04/2026 Libro
        Biblioteca Prof. Eusebio Cleto del Rey Biblioteca Prof. Eusebio Cleto del Rey   07/04/2026   519.24 B886 L24152 07/04/2026 07/04/2026 Libro